Chá com água salgada (Registo nº 318)

Detalhes MARC
000 -Etiqueta do registo
Cabeçalho 00624nam0a2200217 4500
005 - Identificador da versão
Campo de controlo 20240821224122.0
021 ## - Número do Depósito Legal
Código do país PT
Número 17737/87
100 ## - Dados gerais de processamento
Dados gerais de processamento 20160502d1987 a e0pory5003 ba
101 1# - Língua de publicação
Língua do texto, banda sonora, etc. Português
Língua do documento no original Inglês
102 ## - Pais de publicação ou produção
País de publicação Portugal
200 1# - Titulo e menção de responsabilidade
Título próprio Chá com água salgada
Informação de outro título uma história de Boston em revolta
Primeira menção de responsabilidade Esther Forbes
210 ## - Publicação, Distribuição, etc. 
Lugar da edição, distribuição, etc. Lisboa
Nome do editor, distribuidor, etc. Caminho
Data da publicação, distribuição, etc. D. L. 1987
215 ## - Descrição física 
Indicação específica da natureza do documento e extensão da espécie 302 p
225 2# - Colecção 
Título próprio da colecção Caminho jovens
Indicação de volume 5
606 ## - Nome comum usado como assunto
Número de registo de entrada de autoridade 0002775
Palavra de ordem Literatura americana
Subdivisão de assunto Romances de aventuras
Código do sistema CA
675 ## - Classificação Decimal Universal (CDU)
Notação 821.111(73)-311.3
Edição 3ª ed.
Língua da edição por
700 #1 - Nome de autor-pessoa física (responsabilidade principal)
Número de registo de entrada de autoridade 0002830
Palavra de ordem Forbes
Outra parte do nome não tomada para palavra de ordem Esther
Datas 1891-1967
942 ## - Elementos de entrada adicionados (Koha)
Tipo de item no Koha Livro
966 ## - Identificação da Biblioteca
Sigla EB2,3ENM
Exemplares
Situação do levantamento Origin of item (home branch) (coded) Biblioteca de empréstimo Código de barras Cota Circulation type (not for loan) Tipo de documento Nota do exemplar Damaged status
  Biblioteca Escolar Eng. Nuno Mergulhão Biblioteca Escolar Eng. Nuno Mergulhão BENM832 82LE-3 FOR   Livro Sem mensagem